| 000 | 00459nam a2200181Ia 4500 | ||
|---|---|---|---|
| 001 | 8092 | ||
| 005 | 20260306160543.0 | ||
| 008 | 260306t2008||||xx |||||||||||||| ||spa|| | ||
| 041 | _aESP | ||
| 082 |
_a370.1 _bP46 |
||
| 100 |
_aPérez Sánchez, Pablo _eAUT |
||
| 245 | 0 | _aPresencia de la filosofía y psicología en la pedagogía actual | |
| 260 | _c2008 | ||
| 300 |
_a349 páginas _c20 cm. |
||
| 650 | _aGEN | ||
| 654 | _aCED | ||
| 942 |
_cLIB _dJUS _fJUS _2ddc _n |
||
| 999 |
_c8092 _d8092 |
||